Εισαγωγη στη φιλολογία : 1500 π.Χ. - 1930 μ.Χ.

Αποθηκεύτηκε σε:
Λεπτομέρειες βιβλιογραφικής εγγραφής
Κύριος συγγραφέας: Faguet, Emile, 1847-1916
Άλλοι συγγραφείς: Μετρινός, Κ. (Μεταφραστής)
Μορφή: Βιβλίο
Γλώσσα:Greek
French
Δημοσίευση: Αθήναι : Αναγνωστίδης, [19--;].
Θέματα:
Ετικέτες: Προσθήκη ετικέτας
Δεν υπάρχουν, Καταχωρήστε ετικέτα πρώτοι!

MARC

LEADER 00000cam a2200000 i 4500
001 1/21178
008 051223q19701980gr | ||| |||| ||gre||
035 |l 10081810 
040 |a GR-MyUA  |b gre  |e AACR2 
041 1 |a gre  |h fre 
082 0 |a 801.95  |2 (22) 
100 1 |a Faguet, Emile,   |d 1847-1916. 
245 1 0 |a Εισαγωγη στη φιλολογία :   |b 1500 π.Χ. - 1930 μ.Χ. /   |c Emmil Faguet ; μετάφραση Κ. Μετρινού.  
260 |a Αθήναι :   |b Αναγνωστίδης,   |c [19--;].  
300 |a 295 σ. ;   |c 21 εκ.  
500 |a Τίτλος πρωτοτύπου: Initiation litteraire.  
504 |a Περιλαμβάνει ευρετήριο.  
650 0 0 |a Literature  |x History and criticism  |x Theory, etc. 
650 0 0 |a Literature  |x History and criticism. 
700 1 |a Μετρινός, Κ.  |e trl 
852 |a INST  |b RHODES  |c KRI  |e 20051223  |h  801.95 FAG  |p 005400030405  |q 005400030405  |t BK  |y 0 
901 |a BIBL4-2005-3 
909 |a Ρ  |b 122911 
970 |a ΚΟΖΑ  |b ΜΑΡΙΑ  |z 2005/12/23